[Event "NRW-ch U18 Girls"]
[Site "Kranenburg"]
[Date "2009.04.16"]
[Round "5"]
[White "Schoenfeld, Berenike"]
[Black "Berenhardt, Maria"]
[Result "1-0"]
[WhiteElo "1051"]
[BlackElo "920"]
[PlyCount "73"]
[EventDate "2009.04.13"]
[EventType "swiss"]
[EventRounds "7"]
[EventCountry "GER"]
[SourceTitle "EXT 2010"]
[Source "ChessBase"]
[SourceDate "2010.11.25"]
[SourceVersion "1"]
[SourceVersionDate "2010.11.25"]
[SourceQuality "1"]

1. c4 e5 2. Nc3 Nf6 3. e3 Bc5 4. d3 Nc6 5. Nf3 d6 6. g3 0-0 7. Bg2 Bg4 8. h3 Bf5 9. 0-0 Qd7 10. Kh2 e4 11. Nh4 exd3 12. Nxf5 Qxf5 13. e4 Qe5 14. Qxd3 Nh5 15. Qe2 Nd4 16. Qg4 c6 17. Rb1 Nf6 18. Qh4 b5 19. cxb5 cxb5 20. Bd2 a5 21. Nd5 Rae8 22. Nxf6+ gxf6 23. Bh6 Qe6 24. Bxf8 Rxf8 25. f4 Qxa2 26. Qxf6 Nb3 27. Rbe1 Bd4 28. Qg5+ Kh8 29. Re2 Bxb2 30. Qe7 Kg8 31. e5 Nd4 32. Ref2 Qa3 33. Qg5+ Kh8 34. Qh6 Re8 35. Be4 f5 36. Bd5 dxe5 37. Qf6# 1-0